000 00316nam a22001097a 4500
082 _a220 PRO
100 _aABDUL BASIT, BABAR,YOUSHEA, YASIR JAN
_972121
245 _aPR-SOF-1054-AUTO AUTHENTICATION AND SECURITY SYSTEM
260 _aISLAMABAD
_bNUST COLLEGE OF EME
_c2011
650 _aDE-COMP-29
_972122
942 _cCR
999 _c578295
_d578295